000 01158njm a22002777a 4500
005 20100916105353.0
007 sd ammalaaahaa
008 100913t xxu||||| |||| 00| 0 hin d
028 _aEMOE 2104
_bODEON
035 _aGR-02854
040 _aSED
_cSED
100 _aIyear, Usha
_91184
245 _aHare rama hare krishna /
_cby Usha Iyear [and] Usha Bhosle ; lyrics by Anand Bakshi ; music by Rahul Dev Burman
_h[sound recording] :
246 _aहरे राम हरे कृष्ण
260 _aDum Dum India
_bEMI
_c1975
300 _a1 sound disc [Gramophone record] :
_banalog, 33 1/3 rpm
_c7.5 in. (SP)
_fGramophone Record
500 _aBrief Record
500 _aRecord label :ODEON, Blacks
505 _aSide-1 फूलो का तारो का (Fulo ka taaro ka) (Kishore Kumar) Side-२ दम मारो दम (Dam maro dam) (Asha Bhosle)
600 _aBhosle, Asha
_919992
650 _aHindi Film Songs
_xExcerpts
_zIndia
_919603
700 _919604
_aBakshi, Anand
700 _919605
_aBurman, Rahul Dev
942 _2ddc
_cGR
999 _c46082
_d46082